01330nam a2200181Ia 4500008004100000020002200041050001800063110003900081245030500120260004700425300001800472500011900490505035500609650004700964650005501011700003901066700004301105120626s2001 sp 000 0 spa d a978-84-7903-491-7 aRJ504 bO7418 aOrganización Mundial de la Salud aClasificación multiaxial de los trastornos psiquiatricos en niños y adolescentes b: Clasificación de la CIE- 10 de los trastornos mentales y del comportamiento en niños y adolescentes c/ Introducción de Sir Michel Rutter : traduccion de, Pedro García Parajua, Mónica Magaritos López aEspaña b: Médica panamericanac, 2001 a280 páginas aIncluye: Prólogo(p. ix), Introducción (pp. 1- 6), agradecimientos (p. 251), Índice análitico (pp. 253-279) aEje I Síndromes psiquiatricos clínicos Eje II Trastornos específicos del desarrollo psicológico Eje III Nivel intelectual Eje IV Otros procesos de la CIE -!= asociados con trastornos mentales y del comportamiento Eje V Situaciones psicosociales anómalas asociadas Eje VI Evaluación global de la discapacidad psicosocial  0aPSICOPATOLOGÍA INFANTILxCLASIFICACIÓN 0aPSICOPATOLOGIA DE LA ADOLESCENCIAxCLASIFICACIÓN aGarcía Parajua, Pedroetraductor aMagaritos López, Mónicaetraductor